[Event "37th Greek Teams"]
[Site "Kallithea GRE"]
[Date "2009.07.05"]
[Round "3"]
[White "Mastrovasilis,A"]
[Black "Kalaitzoglou,P"]
[Result "1-0"]
[WhiteElo "2503"]
[BlackElo "2199"]
[EventDate "2009.07.03"]

1. d4 d5 2. Nf3 Nf6 3. c4 e6 4. g3 Be7 5. Bg2 O-O 6. O-O c6 7. Qc2 Nbd7 8.
Nbd2 b6 9. e4 dxe4 10. Nxe4 Bb7 11. Rd1 Qc8 12. Nxf6+ Nxf6 13. c5 h6 14.
Bd2 Nd5 15. b4 b5 16. Ne5 Qc7 17. Qe4 Rad8 18. Be1 f5 19. Qe2 Bf6 20. a4 a6
21. h4 Bxe5 22. dxe5 g6 23. Ra3 Rd7 24. Bxd5 Rxd5 25. Rxd5 exd5 26. e6 Re8
27. Bc3 Bc8 28. Qd2 Kh7 29. Qd4 Bxe6 30. axb5 axb5 31. Ra6 Rg8 32. f4 Bc8
33. Ra1 g5 34. hxg5 hxg5 35. Kf2 Qf7 36. Rh1+ Kg6 37. fxg5 1-0

[Event "37th Greek Teams"]
[Site "Kallithea GRE"]
[Date "2009.07.05"]
[Round "3"]
[White "Markaki,S"]
[Black "Zakarian,D"]
[Result "0-1"]
[WhiteElo "1709"]
[BlackElo "2296"]
[EventDate "2009.07.03"]

1. e4 c5 2. Nc3 e6 3. g3 Nc6 4. Bg2 Nge7 5. d3 d5 6. f4 g6 7. Nf3 Bg7 8.
Bd2 O-O 9. O-O Rb8 10. exd5 exd5 11. h3 b5 12. Rb1 h5 13. Nh2 Kh7 14. Re1
Bd4+ 15. Kf1 Nf5 16. Qf3 h4 17. Ne2 hxg3 18. Nxg3 Nxg3+ 19. Qxg3 Bf6 20.
Nf3 Ne7 21. Ng5+ Kg7 22. Qe3 Nf5 23. Qf3 Bb7 24. Qf2 Bd4 25. Bc3 Qf6 26.
Bxd4 Nxd4 27. c3 Nf5 28. Kg1 d4 29. Bxb7 Rxb7 30. Ne4 Qb6 31. Rbc1 Re7 32.
cxd4 cxd4 33. b3 Rh8 34. Kh2 Ne3 35. Kg3 Rc7 36. Rxc7 Qxc7 37. Qd2 Qc8 38.
Nf2 Qf5 39. Ng4 Rxh3+ 40. Kxh3 Qxg4+ 41. Kh2 Qxf4+ 42. Kh3 Qh6+ 0-1

[Event "37th Greek Teams"]
[Site "Kallithea GRE"]
[Date "2009.07.05"]
[Round "3"]
[White "Pambalou,F"]
[Black "Skaraki,A"]
[Result "1-0"]
[WhiteElo "2135"]
[BlackElo "1744"]
[EventDate "2009.07.03"]

1. e4 c5 2. c3 d6 3. d4 cxd4 4. cxd4 Nf6 5. Nc3 g6 6. Nf3 Bg7 7. h3 O-O 8.
Be3 Bd7 9. e5 Ne8 10. Qd2 Nc6 11. Bh6 dxe5 12. dxe5 Be6 13. Qf4 Qb6 14. Bb5
Nc7 15. Bxg7 Kxg7 16. Bxc6 Qxc6 17. O-O Rfd8 18. Rac1 Nd5 19. Nxd5 Qxd5 20.
Rc7 Rd7 21. Rfc1 Rad8 22. b3 Rxc7 23. Rxc7 Rd7 24. Rxd7 Bxd7 25. Qb4 Bxh3
26. Qxe7 Be6 27. Qf6+ Kg8 28. Kh2 a6 29. Ng5 h6 30. Nf3 Bg4 31. Nh4 Qe6 32.
Qd8+ Kg7 33. f4 b5 34. g3 Qc8 35. Qd2 Qd7 36. Qc3 Kg8 37. Ng2 Qd1 38. Ne3
Qe2+ 39. Kg1 Qf3 40. Qe1 Qe2 41. Qxe2 Bxe2 42. b4 h5 43. Kf2 Bd3 44. a3 Be4
45. Nf1 Kf8 46. Ke3 Bg2 47. Nd2 Ke7 48. Kd4 Kd7 49. Nb3 Kc6 50. Nc5 Bh3 51.
Nxa6 Kb6 52. Nc5 Kc6 53. e6 fxe6 54. Ke5 Bf5 55. Nxe6 Kd7 56. Nd4 Bd3 57.
Nf3 Ke7 58. Nh4 Kf7 59. Kd4 Be2 60. Ke5 Bd3 61. Ng2 Ke7 62. Ne3 Kf7 63. Nd5
Bc4 64. Nc3 Kg7 65. a4 bxa4 66. Nxa4 Be2 67. Nc3 Ba6 68. b5 Bb7 69. Ke6 g5
70. fxg5 Kg6 71. Nd5 Kxg5 72. Ne3 h4 73. gxh4+ Kxh4 74. Kd7 Kg5 75. Nc4 Kf6
76. Na5 Ba8 77. b6 Kf7 78. Kc7 Ke7 79. Nb7 Ke8 80. Kb8 Kd7 81. Kxa8 Kc6 82.
Ka7 1-0

[Event "37th Greek Teams"]
[Site "Kallithea GRE"]
[Date "2009.07.05"]
[Round "3"]
[White "Tsarouha,Ma"]
[Black "Hatziathanasiou,S"]
[Result "1-0"]
[WhiteElo "1763"]
[BlackElo "1744"]
[EventDate "2009.07.03"]

1. d4 Nf6 2. c4 g6 3. g3 Bg7 4. Bg2 d6 5. Nc3 O-O 6. Nf3 Nbd7 7. e3 e5 8.
O-O c6 9. b3 e4 10. Nd2 d5 11. cxd5 cxd5 12. f3 exf3 13. Bxf3 Nb6 14. Bb2
Bh6 15. Re1 Re8 16. e4 dxe4 17. Ndxe4 Nfd5 18. Nxd5 Nxd5 19. Qd3 Bf5 20. g4
Nf4 21. Qb5 Bxe4 22. Rxe4 Rxe4 23. Bxe4 Qh4 24. Kh1 Nh3 25. Qxb7 Rf8 26.
Bf3 Nf2+ 27. Kg2 Bf4 28. Ba3 Qxh2+ 29. Kf1 Nd3 30. Bg2 Bd6 31. Bxd6 Qxd6
32. Qe4 Nf4 33. Rd1 Nxg2 34. Kxg2 Rd8 35. d5 Qa3 36. Rd2 Qa5 37. b4 Qc7 38.
d6 Qd7 39. Kg3 Re8 40. Qd4 Rc8 41. Re2 Rd8 42. Rd2 h6 43. Qd5 Kg7 44. b5
Rc8 45. Qd4+ Kg8 46. a4 h5 47. gxh5 gxh5 48. Rg2 Qg4+ 49. Kh2 Rc2 50. Qxg4+
hxg4 51. Rxc2 1-0

[Event "37th Greek Teams"]
[Site "Kallithea GRE"]
[Date "2009.07.05"]
[Round "3"]
[White "Papathanasiou,Ag"]
[Black "Hristodoulaki,A"]
[Result "1-0"]
[WhiteElo "1891"]
[BlackElo "1885"]
[EventDate "2009.07.03"]

1. d4 d5 2. c4 e6 3. Nc3 Nf6 4. cxd5 exd5 5. Bg5 Be7 6. e3 Bf5 7. Qb3 Nc6
8. Bxf6 gxf6 9. Qxd5 Qxd5 10. Nxd5 O-O-O 11. Nxe7+ Nxe7 12. Bc4 Bg6 13. Ne2
Nc6 14. a3 Rhe8 15. h4 Bh5 16. Nf4 Rxd4 17. Nxh5 Rxc4 18. Nxf6 Rh8 19. g3
Ne5 20. O-O h5 21. Rac1 Ra4 22. Rfd1 Rh6 23. Nd5 c6 24. Nf4 Rc4 25. Kf1 Kc7
26. Ke2 Rxc1 27. Rxc1 Ng6 28. Nxg6 Rxg6 29. Rc5 Rh6 30. Rf5 f6 31. Kd3 Kd6
32. Kd4 b6 33. a4 a6 34. Kc4 Ke6 35. e4 Rh7 36. a5 Rb7 37. b4 bxa5 38. bxa5
Rb5 39. Rxb5 cxb5+ 40. Kc5 Ke5 41. f3 f5 42. exf5 Kxf5 43. g4+ hxg4 44.
fxg4+ Kxg4 45. Kb6 Kxh4 46. Kxa6 Kg5 47. Kxb5 Kf6 48. Kc6 Ke7 49. Kc7 1-0

[Event "37th Greek Teams"]
[Site "Kallithea GRE"]
[Date "2009.07.05"]
[Round "3"]
[White "Papadogiannis,S"]
[Black "Pambalos,P"]
[Result "0-1"]
[WhiteElo "1937"]
[BlackElo "2136"]
[EventDate "2009.07.03"]

1. e4 c5 2. Nf3 e6 3. d4 cxd4 4. Nxd4 d6 5. Nc3 Nc6 6. Bc4 Nf6 7. Be3 a6 8.
Qe2 Be7 9. Bb3 O-O 10. O-O-O Qc7 11. h3 Na5 12. f4 b5 13. f5 Nxb3+ 14. axb3
b4 15. Na4 Nxe4 16. Qf3 exf5 17. g4 Bb7 18. Nxf5 Nc3 19. Qf1 Nxd1 20. Qxd1
Bxh1 21. Qxh1 Bf6 22. Nb6 Rae8 23. Nd5 Qd8 24. Kb1 Rxe3 25. Nfxe3 Re8 26.
Qf1 Bg5 27. Nf5 g6 28. Nd4 Qa5 29. c4 bxc3 30. Nxc3 Bd2 31. Kc2 Bxc3 32.
bxc3 Re3 0-1

[Event "37th Greek Teams"]
[Site "Kallithea GRE"]
[Date "2009.07.05"]
[Round "3"]
[White "Gouliaros Antoniadis,A"]
[Black "Serntedakis,A"]
[Result "1-0"]
[WhiteElo "1858"]
[BlackElo "1960"]
[EventDate "2009.07.03"]

1. c4 e5 2. Nc3 Nc6 3. g3 g6 4. Bg2 Bg7 5. d3 d6 6. e3 h5 7. h4 Nge7 8.
Nge2 Bg4 9. a3 O-O 10. Rb1 Qd7 11. b4 Rae8 12. b5 Nd8 13. a4 Kh8 14. Ba3
Bxe2 15. Nxe2 f5 16. c5 Qe6 17. Qb3 Qf6 18. b6 axb6 19. cxb6 cxb6 20. Qxb6
Nec6 21. Kf1 Qe6 22. a5 f4 23. gxf4 exf4 24. Be4 fxe3 25. Qxe3 Qa2 26. Qc1
Qf7 27. Rh2 Qe6 28. Nf4 Rxf4 29. Qxf4 d5 30. Bf3 Kh7 31. Rg2 Be5 32. Qg5
Bc3 33. Rg3 Qf6 34. Qxd5 Rg8 35. Be4 Qxh4 36. Rb5 Be5 37. Qd7+ Rg7 38.
Bxg6+ Kh8 39. Qe8+ Rg8 40. Qd7 Rg7 41. Qe8+ Rg8 42. Rxe5 Rxe8 43. Rxe8+ Kg7
44. Bxh5+ Kf6 45. Rg6+ Kf5 46. Rf8+ Ke5 47. Bd6+ Kd5 48. Bf3+ 1-0

[Event "37th Greek Teams"]
[Site "Kallithea GRE"]
[Date "2009.07.05"]
[Round "3"]
[White "Liodakis,K"]
[Black "Anastasiadis,D"]
[Result "1-0"]
[WhiteElo "1894"]
[BlackElo "1643"]
[EventDate "2009.07.03"]

1. c4 e5 2. g3 Nc6 3. Bg2 g6 4. Nc3 Bg7 5. d3 d6 6. e4 Nge7 7. Nge2 f5 8.
O-O O-O 9. f4 Be6 10. Nd5 fxe4 11. dxe4 Qd7 12. Bd2 Rf7 13. Bc3 Raf8 14.
Qc2 Bg4 15. Rf2 h5 16. Raf1 a6 17. b4 b5 18. c5 Bh8 19. a3 Bg7 20. Qd2 Bh6
21. Nxc7 Bxe2 22. Rxe2 Qxc7 23. cxd6 Qb6+ 24. Kh1 Nc8 25. Qd5 Kh7 26. f5 g5
27. Rd1 Rd7 28. Qe6 Qd8 29. Qg6+ Kh8 30. Qxh6+ Kg8 31. Qe6+ Rff7 32. Red2
Kf8 33. Bxe5 Nxe5 34. Qxe5 Kg8 35. Qe6 Kf8 36. e5 Ra7 37. Qh6+ Kg8 38. Bd5
Qf8 39. Qxf8+ Kxf8 40. Bxf7 Kxf7 41. e6+ 1-0

[Event "37th Greek Teams"]
[Site "Kallithea GRE"]
[Date "2009.07.05"]
[Round "3"]
[White "Themelis,G"]
[Black "Naoum,S"]
[Result "1-0"]
[WhiteElo "1618"]
[BlackElo "1792"]
[EventDate "2009.07.03"]

1. e4 c5 2. Nc3 Nc6 3. f4 g6 4. Nf3 Bg7 5. Bb5 Nd4 6. Bc4 e6 7. d3 Ne7 8.
Nxd4 Bxd4 9. Ne2 Bg7 10. O-O d5 11. Bb5+ Bd7 12. Bxd7+ Qxd7 13. Qe1 O-O 14.
h3 b5 15. g4 f5 16. Ng3 c4 17. e5 cxd3 18. cxd3 Rac8 19. Bd2 d4 20. Qd1
fxg4 21. hxg4 Nd5 22. Ne4 Rc7 23. Rf2 Ne3 24. Bxe3 dxe3 25. Rf3 Qd4 26. Qe2
Rfc8 27. Qxe3 Qxb2 28. Raf1 Rc2 29. R3f2 Qxa2 30. Nd6 R8c5 31. Qxc5 1-0

[Event "37th Greek Teams"]
[Site "Kallithea GRE"]
[Date "2009.07.05"]
[Round "3"]
[White "Likavsky,T"]
[Black "Tregubov,P"]
[Result "1/2-1/2"]
[WhiteElo "2484"]
[BlackElo "2652"]
[EventDate "2009.07.03"]

1. d4 Nf6 2. c4 c5 3. d5 b5 4. cxb5 a6 5. e3 g6 6. Nc3 Bg7 7. Nf3 O-O 8. a4
d6 9. e4 e6 10. dxe6 Bxe6 11. Ng5 Bg4 12. f3 Bc8 13. Bc4 h6 14. Nh3 Bxh3
15. gxh3 axb5 16. Nxb5 d5 17. Bxd5 Nxd5 18. Qxd5 Qh4+ 19. Ke2 Na6 20. Be3
Rad8 21. Qb3 Kh7 22. Rad1 Qxh3 23. Rxd8 Rxd8 24. Rd1 Qxh2+ 25. Bf2 Rxd1 26.
Qxd1 Be5 27. b3 h5 28. Qg1 Qh3 29. Bxc5 Qc8 30. Bd4 Qc2+ 31. Kf1 Bf4 32.
Nc3 Nb4 33. Qf2 Qxb3 34. Qh4 Qc4+ 35. Ne2 Nc6 36. Qf6 Nxd4 37. Qxd4 Qa6 38.
Qd7 Kg7 39. Qb5 Qf6 40. a5 Be3 41. Kg2 h4 42. Qd7 Qa6 43. Qd1 Qxa5 44. Qb3
Qg5+ 45. Kh3 Bf2 46. Qc3+ Kh7 47. Qb3 Qf6 48. f4 Be1 49. Qd1 Bb4 50. e5 Qe7
51. Ng1 Bc5 52. Qg4 Bf2 53. Nf3 Qa3 54. f5 gxf5 1/2-1/2

[Event "37th Greek Teams"]
[Site "Kallithea GRE"]
[Date "2009.07.05"]
[Round "3"]
[White "Georgiev,Kr"]
[Black "Novidis,N"]
[Result "1-0"]
[WhiteElo "2430"]
[BlackElo "2153"]
[EventDate "2009.07.03"]

1. e4 c5 2. Nf3 d6 3. d4 cxd4 4. Qxd4 Nc6 5. Bb5 Bd7 6. Bxc6 Bxc6 7. Nc3 e6
8. Bg5 Nf6 9. O-O-O Be7 10. Rhe1 O-O 11. Kb1 Kh8 12. Qd2 a5 13. Nd4 a4 14.
a3 Ra5 15. Bh4 Nxe4 16. Rxe4 Bxh4 17. Nxc6 bxc6 18. Qxd6 Qxd6 19. Rxd6 Bxf2
20. Rf4 Bc5 21. Rxc6 g5 22. Rxa4 Rxa4 23. Nxa4 Bg1 24. h3 Rd8 25. Nc3 Rd2
26. g4 Rh2 27. Ne4 Be3 28. Rc3 Bf4 29. a4 f5 30. Nc5 Re2 31. a5 Bd2 32. a6
Bxc3 33. a7 1-0

[Event "37th Greek Teams"]
[Site "Kallithea GRE"]
[Date "2009.07.05"]
[Round "3"]
[White "Hidzos,G"]
[Black "Kanakaris,G"]
[Result "0-1"]
[WhiteElo "2023"]
[BlackElo "2377"]
[EventDate "2009.07.03"]

1. e4 c5 2. Nf3 d6 3. d4 cxd4 4. Nxd4 Nf6 5. Nc3 a6 6. Bc4 e6 7. Bb3 b5 8.
Qf3 Qc7 9. Bg5 Be7 10. O-O-O Nbd7 11. e5 Bb7 12. Qg3 dxe5 13. Bxe6 fxe6 14.
Nxe6 Qc6 15. Nxg7+ Kf7 16. Bxf6 Nxf6 17. Qxe5 Bf8 18. Nh5 Re8 19. Qf5 Bh6+
20. Kb1 Bc8 21. Qxf6+ Qxf6 22. Nxf6 Kxf6 23. Rd6+ Re6 24. Rhd1 Rhe8 25. a3
Kf7 26. g3 Rxd6 27. Rxd6 Re1+ 28. Ka2 Be6+ 29. b3 Bg7 30. Kb2 a5 31. Rb6
Re5 32. Rb7+ Kg6 33. h4 Rc5 34. h5+ Kh6 35. Rb6 Bxc3+ 36. Ka2 Re5 37. f4
Re1 0-1

[Event "37th Greek Teams"]
[Site "Kallithea GRE"]
[Date "2009.07.05"]
[Round "3"]
[White "Vragoteris,A"]
[Black "Haratsidis,V"]
[Result "1-0"]
[WhiteElo "2266"]
[BlackElo "1996"]
[EventDate "2009.07.03"]

1. e4 c6 2. c4 e5 3. Nf3 d6 4. Nc3 Be7 5. d4 Nd7 6. Be2 Ngf6 7. O-O O-O 8.
Rb1 a6 9. b4 b5 10. a4 bxc4 11. Bxc4 Qc7 12. Ba2 Bb7 13. Re1 Rae8 14. dxe5
dxe5 15. Nh4 c5 16. Nf5 cxb4 17. Nxe7+ Rxe7 18. Rxb4 Nc5 19. Bg5 Rd7 20.
Qb1 Nd3 21. Rc4 Qd8 22. Rd1 Nf4 23. Bxf4 Rxd1+ 24. Qxd1 Qxd1+ 25. Nxd1 exf4
26. f3 Rc8 27. Rd4 g5 28. e5 Ne8 29. Rd7 Nc7 30. Bxf7+ Kf8 31. Bb3 Bc6 32.
Rxh7 1-0

[Event "37th Greek Teams"]
[Site "Kallithea GRE"]
[Date "2009.07.05"]
[Round "3"]
[White "Haritopoulou,M"]
[Black "Barbageorgopoulou,D"]
[Result "0-1"]
[WhiteElo "1661"]
[BlackElo "1745"]
[EventDate "2009.07.03"]

1. d4 Nf6 2. Nf3 g6 3. c4 c5 4. d5 d6 5. Nc3 Bg7 6. e4 O-O 7. Be2 Nbd7 8.
O-O b6 9. Qc2 Bb7 10. Ne1 a6 11. f4 Ne8 12. Bd3 Nc7 13. Nf3 e6 14. a4 Rb8
15. Bd2 Ba8 16. Rab1 b5 17. axb5 axb5 18. b3 Qc8 19. Ne2 b4 20. Kh1 Qd8 21.
g4 Bb7 22. f5 Ra8 23. fxg6 hxg6 24. Qc1 Re8 25. Bh6 Bh8 26. Ng5 Ne5 27. Qf4
f6 28. Nxe6 Nxe6 29. dxe6 Nxd3 30. Qe3 Ne5 31. h3 Rxe6 32. Bf4 Qe8 0-1

[Event "37th Greek Teams"]
[Site "Kallithea GRE"]
[Date "2009.07.05"]
[Round "3"]
[White "Barbageorgopoulou,F"]
[Black "Papathanasiou,E"]
[Result "1-0"]
[WhiteElo "1809"]
[BlackElo "1638"]
[EventDate "2009.07.03"]

1. d4 d5 2. c4 c6 3. cxd5 cxd5 4. Nc3 Nc6 5. e4 e6 6. e5 Bb4 7. Nf3 Nge7 8.
Bd3 O-O 9. Bxh7+ Kh8 10. Bd3 Qa5 11. Ng5 Bxc3+ 12. bxc3 Qxc3+ 13. Kf1 g6
14. Be3 Kg7 15. Rc1 Qb4 16. h4 Rh8 17. Qf3 Nf5 18. Kg1 Qe7 19. Bxf5 exf5
20. Qxd5 Be6 21. Nxe6+ fxe6 22. Qb5 a6 23. Qb6 Kf7 24. Bg5 Qd7 25. Bf6 Rh7
26. Rh3 Ke8 27. Rd3 Rc8 28. Rdc3 Ra8 29. Rd1 Rc8 30. Rg3 Qf7 31. Qb3 Na5
32. Qa4+ Nc6 33. Qa3 Nb8 34. Qb3 Nc6 35. d5 exd5 36. Rxd5 Na5 1-0

[Event "37th Greek Teams"]
[Site "Kallithea GRE"]
[Date "2009.07.05"]
[Round "3"]
[White "Galopoulos,N"]
[Black "Kirgeridis,Panag"]
[Result "1-0"]
[WhiteElo "2255"]
[BlackElo "2039"]
[EventDate "2009.07.03"]

1. d4 Nf6 2. c4 c5 3. d5 e6 4. Nc3 exd5 5. cxd5 d6 6. Nf3 g6 7. Bf4 Bg7 8.
e3 O-O 9. h3 a6 10. a4 Qc7 11. Nd2 Re8 12. Nc4 Bf8 13. Be2 Nbd7 14. O-O Rb8
15. a5 b5 16. axb6 Nxb6 17. Na5 Bg7 18. Qd2 Ne4 19. Nxe4 Rxe4 20. Nc6 Ra8
21. Bf3 Rc4 22. Qa5 Bf8 23. Rfc1 Qb7 24. Rcb1 Bf5 25. b3 Bxb1 26. bxc4 Nxc4
27. Qe1 Bf5 28. g4 Bd7 29. Rb1 Qc7 30. Qc3 Bxc6 31. dxc6 Ne5 32. Bxe5 dxe5
33. Rb7 Qd6 34. Rd7 Qf6 35. Bd5 Be7 36. c7 Re8 37. Bb7 Kh8 38. c8=Q Rxc8
39. Bxc8 Qc6 40. Qxe5+ 1-0

[Event "37th Greek Teams"]
[Site "Kallithea GRE"]
[Date "2009.07.05"]
[Round "3"]
[White "Boutsioukis,N"]
[Black "Galopoulos,P"]
[Result "1-0"]
[WhiteElo "1906"]
[BlackElo "2161"]
[EventDate "2009.07.03"]

1. d4 Nf6 2. c4 e6 3. Nf3 Bb4+ 4. Nbd2 b6 5. a3 Bxd2+ 6. Bxd2 Bb7 7. Bg5 d6
8. e3 Nbd7 9. Bd3 h6 10. Bh4 g5 11. Bg3 h5 12. h3 Rg8 13. Qc2 g4 14. hxg4
hxg4 15. Nh4 Nh5 16. O-O-O Nxg3 17. fxg3 Qg5 18. Qf2 O-O-O 19. Kb1 f5 20.
d5 Nc5 21. Bc2 Ne4 22. Qf4 exd5 23. Qxf5+ Qxf5 24. Nxf5 Rgf8 25. Bxe4 dxe4
26. Ne7+ Kb8 27. Ng6 Rg8 28. Nf4 Rh8 29. Rh4 Rhg8 30. Rh7 Bc6 31. Rdh1 d5
32. cxd5 Bxd5 33. Re7 Bb3 34. Rxe4 Rd2 35. Rb4 Bc2+ 36. Kc1 Rgd8 37. Rh8 c5
38. Rxd8+ Rxd8 39. Ne6 Rd5 40. e4 Re5 41. Nf8 Kc7 42. Ng6 Re6 43. Rc4 Bb3
44. Rc3 c4 45. Nf4 Rxe4 46. Re3 Rxe3 47. Nd5+ Kd6 48. Nxe3 Ke5 49. Nxg4+
Kd4 50. Kd2 a5 51. Ne3 Ba4 52. g4 Bc6 53. g5 Be4 54. g4 b5 55. Nf5+ Ke5 56.
g6 Kf6 57. g7 Bd5 58. Kc3 Be6 59. Nd4 Bf7 60. Nxb5 Kxg7 61. Nd6 Be6 62.
Nxc4 Bxg4 63. Nxa5 Kf6 64. Kd4 Ke6 65. Nc4 Be2 66. Kc5 Kd7 67. b4 Kc7 68.
b5 Bf3 69. b6+ Kb7 70. a4 Ka6 71. Kd6 Bd1 72. Kc7 Bf3 73. Ne5 Bb7 74. Nd7
Bf3 75. Nc5+ Ka5 76. b7 1-0

[Event "37th Greek Teams"]
[Site "Kallithea GRE"]
[Date "2009.07.05"]
[Round "3"]
[White "Batzolis,G"]
[Black "Hatzigrigoriou,G"]
[Result "1-0"]
[WhiteElo "1616"]
[BlackElo "1538"]
[EventDate "2009.07.03"]

1. e4 d5 2. exd5 Qxd5 3. Nc3 Qa5 4. d4 Nf6 5. Bd2 c6 6. Bd3 Qc7 7. g3 e6 8.
Nf3 Bd6 9. O-O O-O 10. Ne4 Nxe4 11. Bxe4 Nd7 12. c3 Nf6 13. Bd3 h6 14. Qc2
Bd7 15. Rae1 c5 16. dxc5 Bxc5 17. Ne5 Bd6 18. Nxd7 Qxd7 19. Be3 Rfd8 20.
Be4 Nxe4 21. Qxe4 Qc6 22. Qg4 Kf8 23. Bd4 g6 24. Qh4 h5 25. Qf6 Ke8 26. Re3
Be7 27. Qg7 Bf8 28. Qh7 Rd7 29. Rfe1 Ke7 30. Bc5+ Ke8 31. Bxf8 Rdd8 32. Ba3
Rdb8 33. Rd3 f5 34. Qg8+ 1-0

[Event "37th Greek Teams"]
[Site "Kallithea GRE"]
[Date "2009.07.05"]
[Round "3"]
[White "Kempinski,R"]
[Black "Mchedlishvili,M"]
[Result "1/2-1/2"]
[WhiteElo "2601"]
[BlackElo "2592"]
[EventDate "2009.07.03"]

1. d4 d5 2. c4 c6 3. e3 Bf5 4. cxd5 cxd5 5. Qb3 Qc7 6. Bb5+ Bd7 7. Bd2 e6
8. Nf3 Bxb5 9. Qxb5+ Nc6 10. O-O Bd6 11. Rc1 a6 12. Qd3 Nf6 13. Nc3 O-O 14.
a3 Rfc8 15. h3 h6 16. Be1 b6 17. Rab1 1/2-1/2

[Event "37th Greek Teams"]
[Site "Kallithea GRE"]
[Date "2009.07.05"]
[Round "3"]
[White "Georgiadis,I"]
[Black "Tsiamis,K"]
[Result "1-0"]
[WhiteElo "2438"]
[BlackElo "2303"]
[EventDate "2009.07.03"]

1. e4 e5 2. Nf3 Nf6 3. d4 Nxe4 4. Bd3 d5 5. dxe5 Nc5 6. O-O Be7 7. Nc3 c6
8. Re1 O-O 9. Nd4 Nxd3 10. Qxd3 Na6 11. Bf4 Nc5 12. Qg3 Bh4 13. Qe3 Ne6 14.
Nxe6 Bxe6 15. Ne2 Be7 16. Nd4 Qd7 17. Rad1 b6 18. c3 c5 19. Ne2 f5 20. Bg5
Rad8 21. Bxe7 Qxe7 22. Nf4 Rd7 23. Rd3 Rfd8 24. Red1 g6 25. h4 Kg7 26. h5
d4 27. cxd4 cxd4 28. Qg3 g5 29. Nxe6+ Qxe6 30. Qxg5+ Kh8 31. Qf4 Re8 32.
Rxd4 Rxd4 33. Qxd4 Qxe5 34. Qxe5+ Rxe5 35. h6 Kg8 36. Rd7 Re6 37. Rg7+ Kh8
38. Rxa7 Rxh6 39. Ra6 Rd6 40. Kf1 Re6 41. g3 Kg7 42. b4 Rc6 43. a4 Rc1+ 44.
Ke2 Ra1 45. Kd3 Ra2 46. Kc4 f4 47. gxf4 h5 48. Kb3 Ra1 49. Rxb6 h4 50. f5
Rg1 51. a5 h3 52. f6+ Kg6 53. f7+ Kg7 54. f8=Q+ Kxf8 55. Rh6 Rh1 56. Ka4 h2
57. Kb5 Ke8 58. a6 Kd8 59. a7 1-0

[Event "37th Greek Teams"]
[Site "Kallithea GRE"]
[Date "2009.07.05"]
[Round "3"]
[White "Skalkotas,N"]
[Black "Goumas,G"]
[Result "0-1"]
[WhiteElo "2197"]
[BlackElo "2315"]
[EventDate "2009.07.03"]

1. c4 Nf6 2. Nf3 e6 3. Nc3 d5 4. d4 Be7 5. g3 O-O 6. Bg2 c5 7. cxd5 Nxd5 8.
O-O Nxc3 9. bxc3 Nc6 10. Bf4 Bd6 11. Rb1 Bxf4 12. gxf4 Qc7 13. Ne5 Nxe5 14.
fxe5 Rb8 15. e3 b5 16. f4 Rd8 17. Qe1 b4 18. dxc5 Qxc5 19. cxb4 Qc4 20. Rf2
Bb7 21. Rc1 Qb5 22. Rc5 Qd7 23. Bxb7 Qxb7 24. Rd2 g6 25. Rd6 Rdc8 26. Qc3
Rxc5 27. bxc5 Qf3 28. Qc1 Qe2 29. Qf1 Qxe3+ 30. Qf2 Qc1+ 31. Qf1 Qxc5+ 32.
Kg2 Rb2+ 0-1

[Event "37th Greek Teams"]
[Site "Kallithea GRE"]
[Date "2009.07.05"]
[Round "3"]
[White "Homatidis,P"]
[Black "Sismanis,A"]
[Result "0-1"]
[WhiteElo "2123"]
[BlackElo "2194"]
[EventDate "2009.07.03"]

1. e4 c5 2. Nf3 d6 3. d4 cxd4 4. Nxd4 Nf6 5. f3 e5 6. Nb3 Be6 7. c4 a5 8.
Be3 a4 9. N3d2 Be7 10. Nc3 Qa5 11. a3 O-O 12. Bd3 Nbd7 13. Bc2 Nc5 14. Bxc5
Qxc5 15. Nxa4 Qd4 16. Rc1 Nh5 17. g3 Bg5 18. b3 b5 19. cxb5 d5 20. Rb1 Nf4
21. Nf1 Ng2+ 22. Ke2 Rxa4 23. Qxd4 Rxd4 24. h4 Rc8 25. Bd3 Rc3 26. hxg5
Rdxd3 27. Rh2 dxe4 28. fxe4 Bg4+ 29. Kf2 Bf3 30. b6 Bxe4 31. a4 Rd6 32. a5
Bxb1 33. b7 Rxb3 0-1

[Event "37th Greek Teams"]
[Site "Kallithea GRE"]
[Date "2009.07.05"]
[Round "3"]
[White "Ikonomopoulou,M"]
[Black "Fatourou,E"]
[Result "1-0"]
[WhiteElo "2052"]
[BlackElo "1895"]
[EventDate "2009.07.03"]

1. e4 c5 2. Nf3 g6 3. c4 Bg7 4. d4 cxd4 5. Nxd4 Nc6 6. Be3 Nf6 7. Nc3 d6 8.
Be2 O-O 9. O-O Bd7 10. Qd2 Ng4 11. Bxg4 Bxg4 12. f4 Bd7 13. Rad1 Rc8 14.
Nxc6 Bxc6 15. f5 Bxc3 16. Qxc3 Bxe4 17. Bh6 f6 18. fxg6 Bxg6 19. Bxf8 Qxf8
20. Qd4 b6 21. b3 Qf7 22. Rfe1 Rc5 23. Rc1 h5 24. h4 d5 25. cxd5 Rxd5 26.
Rc8+ Kg7 27. Qc4 Rd7 28. Qc3 Qd5 29. Kh1 Kf7 30. Rc7 e5 31. Rxd7+ Qxd7 32.
Qc4+ Kg7 33. Rc1 Bf7 34. Qe2 a5 35. Qf2 Qe6 36. Qg3+ Qg4 37. Qxg4+ hxg4 38.
Rc6 b5 39. Ra6 a4 40. bxa4 bxa4 41. Rxa4 f5 42. Ra7 g3 43. Kg1 Kf6 44.
Rxf7+ Kxf7 45. a4 e4 46. a5 1-0

[Event "37th Greek Teams"]
[Site "Kallithea GRE"]
[Date "2009.07.05"]
[Round "3"]
[White "Fragkou,E"]
[Black "Magklara,E"]
[Result "1-0"]
[WhiteElo "1865"]
[BlackElo "1758"]
[EventDate "2009.07.03"]

1. d4 d5 2. Bf4 Nf6 3. e3 c5 4. Nf3 Nc6 5. c3 Qb6 6. Qb3 c4 7. Qc2 Bf5 8.
Qc1 e6 9. Nbd2 Be7 10. b3 cxb3 11. axb3 Na5 12. Qb2 Rc8 13. Qa2 Nc6 14. Be2
O-O 15. Nh4 Bg6 16. Nxg6 hxg6 17. O-O a6 18. h3 Na7 19. c4 dxc4 20. bxc4
Bb4 21. c5 Qc6 22. Bf3 Nd5 23. Nc4 Nb5 24. Nb6 Nbc3 25. Qb3 Rcd8 26. Nxd5
1-0

[Event "37th Greek Teams"]
[Site "Kallithea GRE"]
[Date "2009.07.05"]
[Round "3"]
[White "Selianiti,E"]
[Black "Themeli,D"]
[Result "1/2-1/2"]
[WhiteElo "1713"]
[BlackElo "1662"]
[EventDate "2009.07.03"]

1. e4 c5 2. Nf3 g6 3. d4 cxd4 4. Nxd4 Nf6 5. Nc3 Nc6 6. Be3 Bg7 7. Qd2 Ng4
8. Nb3 Nxe3 9. Qxe3 O-O 10. O-O-O d6 11. Be2 a5 12. Na4 Rb8 13. Qb6 Be6 14.
Qxd8 Rfxd8 15. Nb6 Bxb3 16. axb3 Bd4 17. Nd5 Bxf2 18. Rhf1 Bc5 19. Bc4 e6
20. Nc3 Nd4 21. Nb5 Nxb5 22. Bxb5 Rbc8 23. Rd3 Rc7 24. e5 d5 25. c4 Bb4 26.
Kb1 Rc5 27. Rfd1 Kf8 28. Ba4 Ke7 29. Bb5 b6 1/2-1/2

[Event "37th Greek Teams"]
[Site "Kallithea GRE"]
[Date "2009.07.05"]
[Round "3"]
[White "Kaforos,D"]
[Black "Hristodoulou,P"]
[Result "0-1"]
[WhiteElo "2203"]
[BlackElo "2125"]
[EventDate "2009.07.03"]

1. d4 d5 2. c4 c6 3. Nc3 Nf6 4. Nf3 e6 5. Bg5 h6 6. Bxf6 Qxf6 7. e3 Nd7 8.
Rc1 g6 9. Bd3 Bg7 10. O-O O-O 11. e4 dxc4 12. e5 Qe7 13. Bxc4 c5 14. Ne4
Rd8 15. dxc5 Nxe5 16. Qe2 Nxc4 17. Rxc4 e5 18. Nd6 f5 19. Rb4 b6 20. Nxc8
Raxc8 21. Qc4+ Kh7 22. Qe2 Rxc5 23. Ne1 e4 24. f3 Re5 25. Nc2 Qc5+ 26. Qf2
e3 27. Qh4 e2+ 0-1

[Event "37th Greek Teams"]
[Site "Kallithea GRE"]
[Date "2009.07.05"]
[Round "3"]
[White "Noutsos,S"]
[Black "Papadopoulos,A"]
[Result "1-0"]
[WhiteElo "1459"]
[BlackElo "1686"]
[EventDate "2009.07.03"]

1. d4 d5 2. c4 c6 3. Nc3 Nf6 4. Nf3 e6 5. e3 Nbd7 6. Bd3 Bd6 7. O-O O-O 8.
Bd2 dxc4 9. Bxc4 e5 10. dxe5 Nxe5 11. Nxe5 Bxe5 12. Qc2 Re8 13. Rfd1 Qc7
14. h3 Be6 15. Bxe6 Rxe6 16. Be1 Rd8 17. Rxd8+ Qxd8 18. Rd1 Rd6 19. Rxd6
Qxd6 20. f4 Bxc3 21. Bxc3 Nd5 22. Qd3 Qe6 23. e4 Nf6 24. Qd8+ Qe8 25. Bxf6
1-0

[Event "37th Greek Teams"]
[Site "Kallithea GRE"]
[Date "2009.07.05"]
[Round "3"]
[White "Psomiadis,S"]
[Black "Managadze,N"]
[Result "0-1"]
[WhiteElo "2204"]
[BlackElo "2459"]
[EventDate "2009.07.03"]

1. Nf3 Nf6 2. b3 d6 3. d4 g6 4. Bb2 Bg7 5. e3 O-O 6. Be2 e5 7. dxe5 Nfd7 8.
O-O Nxe5 9. Nxe5 dxe5 10. Qxd8 Rxd8 11. Nc3 Bf5 12. e4 Be6 13. Rfd1 Nc6 14.
Nb5 Rdc8 15. Na3 a6 16. Bc4 Rd8 17. Bxe6 fxe6 18. c3 b5 19. Nc2 a5 20. a3
a4 21. b4 Bh6 22. Kf1 Rd6 23. Rxd6 cxd6 24. Rd1 Rd8 25. Bc1 Bxc1 26. Rxc1
d5 27. Rd1 Kf7 28. Ke2 g5 29. g3 h5 30. h3 Kf6 31. Rd3 Ke7 32. Ne3 d4 33.
Nc2 g4 34. h4 Rd7 35. Rd2 Rd6 36. Rd3 Rd8 37. Rd2 Kf6 38. Rd3 Rc8 39. cxd4
exd4 40. Nxd4 Nxd4+ 41. Rxd4 Ke5 42. Rd3 Kxe4 43. Re3+ Kf5 44. Kd2 e5 45.
Rd3 Rc4 46. Ke2 Rc2+ 47. Kf1 Ke4 48. Rd1 Rc3 49. Re1+ Kd4 50. Rd1+ Rd3 51.
Rc1 Rxa3 52. Rc5 Rb3 53. Rxb5 a3 54. Ra5 Kc3 0-1